000 00590nam a2200241Ia 4500
003 OSt
005 20221005114103.0
006 a|||||r|||| 00| 0
007 ta
008 221004b |||||||| |||| 00| 0 mal d
024 _a58489
037 _cTextual
040 _aCRL
_cCRL
_bmal
041 _2mal
_amal
082 _aR65,6, 32J4
100 _aGandhi Au.
_9624888
245 0 _aAnasaktiyogam
260 _c1954
650 _a PHILOSOPHY
650 _aMALAYALAM LITERATURE
_938866
942 _hR65,6, 32J4
_cTEXL
_2cc
999 _c1030204
_d1030204